A workbook for a course in Rizal / (Record no. 354916)
[ view plain ]
| 000 -LEADER | |
|---|---|
| fixed length control field | 00326nam a2200121Ia 4500 |
| 008 - FIXED-LENGTH DATA ELEMENTS--GENERAL INFORMATION | |
| fixed length control field | 180205s9999 xx 000 0 und d |
| 020 ## - INTERNATIONAL STANDARD BOOK NUMBER | |
| International Standard Book Number | 9789719804307 |
| 100 ## - MAIN ENTRY--PERSONAL NAME | |
| Personal name | Fadul, Jose A. |
| 245 #2 - TITLE STATEMENT | |
| Title | A workbook for a course in Rizal / |
| 250 ## - EDITION STATEMENT | |
| Edition statement | 3rd ed |
| 260 ## - PUBLICATION, DISTRIBUTION, ETC. (IMPRINT) | |
| Place of publication, distribution, etc | Quezon City |
| Name of publisher, distributor, etc | C & E publishing |
| Date of publication, distribution, etc | 2016 |
| 300 ## - PHYSICAL DESCRIPTION | |
| Extent | v, 170 pages |
| Withdrawn status | Lost status | Damaged status | Home library | Current library | Shelving location | Date acquired | Source of acquisition | Total Checkouts | Full call number | Barcode | Date last seen | Price effective from | Koha item type |
|---|---|---|---|---|---|---|---|---|---|---|---|---|---|
| College Library | College Library | Filipiniana Section | 02/05/2018 | Library Fund | DS 675.8.R5 .F146 2016 | c21143 | 05/08/2018 | 02/05/2018 | Books |